[Event "SC Klein-Berlin Rheine 1 - SC Rochade E"]
[Site "Regionalliga, Gr. 1 2022/2023"]
[Date "2022.09.24"]
[Round "2.1"]
[White "Hiller, Simon"]
[Black "Bruemmer, Frank"]
[Result "0-1"]
[WhiteElo "2157"]
[BlackElo "2185"]
[PlyCount "118"]
[EventDate "2022.??.??"]
[SourceTitle "Verband Muensterland"]
[SourceDate "2022.09.15"]
[SourceVersion "1"]
[SourceVersionDate "2022.09.15"]
[SourceQuality "1"]
[WhiteTeam "SC Rochade Emsdetten 1"]
[BlackTeam "SC Klein-Berlin Rheine 1"]

1. Nf3 d5 2. c4 d4 3. Na3 c5 4. g3 Nc6 5. Bg2 e5 6. d3 f6 7. Nc2 Be6 8. O-O Bd6
9. Rb1 Qd7 10. Re1 Nge7 11. Bd2 a5 12. a3 a4 13. b4 axb3 14. Rxb3 e4 15. Nfxd4
cxd4 16. Bxe4 O-O 17. Qb1 Ra7 18. Rb5 f5 19. Bg2 f4 20. Qb2 fxg3 21. hxg3 Bh3
22. Bf3 Bg4 23. Bg2 Ng6 24. Rd5 Qc7 25. f4 Be6 26. Nxd4 Nxd4 27. Qxd4 Bxd5 28.
Qxd5+ Kh8 29. Be3 b6 30. Rb1 Bc5 31. Bxc5 Qxc5+ 32. Qxc5 bxc5 33. Rb5 Rc8 34.
Bh3 Re8 35. Rxc5 Rxa3 36. Kf2 Nf8 37. Rc6 h5 38. Kf3 Ra2 39. e3 g6 40. Rd6 Kg7
41. c5 Rc2 42. c6 Kf7 43. e4 Ke7 44. Rd5 Rd8 45. Re5+ Kf6 46. Ke3 Rxc6 47. Ra5
Ne6 48. f5 Nc5 49. d4 Rxd4 50. Rxc5 Rxe4+ 51. Kxe4 Rxc5 52. fxg6 Rc3 53. Bg2
Rxg3 54. Bf3 Kxg6 55. Ke3 Kg5 56. Kf2 h4 57. Bg2 Kf4 58. Kg1 h3 59. Kh1 hxg2+
0-1

[Event "SC Klein-Berlin Rheine 1 - SC Rochade E"]
[Site "Regionalliga, Gr. 1 2022/2023"]
[Date "2022.09.24"]
[Round "2.2"]
[White "Ottens, Stephan"]
[Black "Mueller, Achim"]
[Result "1/2-1/2"]
[WhiteElo "2103"]
[BlackElo "1979"]
[PlyCount "84"]
[EventDate "2022.??.??"]
[SourceTitle "Verband Muensterland"]
[SourceDate "2022.09.15"]
[SourceVersion "1"]
[SourceVersionDate "2022.09.15"]
[SourceQuality "1"]
[WhiteTeam "SC Klein-Berlin Rheine 1"]
[BlackTeam "SC Rochade Emsdetten 1"]

1. e4 c5 2. Nf3 d6 3. Bb5+ Bd7 4. Bxd7+ Qxd7 5. c4 Nf6 6. Nc3 g6 7. O-O Bg7 8.
d3 O-O 9. h3 Nc6 10. Be3 Rac8 11. Qd2 a6 12. Rfe1 e6 13. Bh6 Ne5 14. Bxg7 Nxf3+
15. gxf3 Kxg7 16. f4 Nh5 17. f5 Qe7 18. Kh2 Qf6 19. Rf1 g5 20. Rg1 h6 21. h4
Qe5+ 22. Kh1 Rh8 23. Ne2 Kf8 24. fxe6 Qxe6 25. Qe3 Ke7 26. Raf1 gxh4 27. Kh2
Rcg8 28. f4 f5 29. Qf3 Ng3 30. Nxg3 hxg3+ 31. Rxg3 Rxg3 32. Qxg3 Rg8 33. Qh3
fxe4 34. Qxe6+ Kxe6 35. dxe4 b5 36. b3 bxc4 37. bxc4 Rg4 38. Kh3 h5 39. Rf2 a5
40. a4 Kf6 41. Kh2 h4 42. Rf3 Ke6 1/2-1/2

[Event "SC Klein-Berlin Rheine 1 - SC Rochade E"]
[Site "Regionalliga, Gr. 1 2022/2023"]
[Date "2022.09.24"]
[Round "2.3"]
[White "Lemli, Thomas"]
[Black "Henneberger, Sven"]
[Result "1/2-1/2"]
[WhiteElo "1976"]
[BlackElo "2059"]
[PlyCount "34"]
[EventDate "2022.??.??"]
[SourceTitle "Verband Muensterland"]
[SourceDate "2022.09.15"]
[SourceVersion "1"]
[SourceVersionDate "2022.09.15"]
[SourceQuality "1"]
[WhiteTeam "SC Rochade Emsdetten 1"]
[BlackTeam "SC Klein-Berlin Rheine 1"]

1. Nf3 Nf6 2. b3 c5 3. Bb2 Nc6 4. e3 g6 5. Be2 Bg7 6. O-O O-O 7. d4 cxd4 8.
Nxd4 d6 9. c4 Nxd4 10. Qxd4 Bf5 11. Bf3 e5 12. Qd2 e4 13. Be2 Qe7 14. Nc3 Rfd8
15. Rfd1 a6 16. Rab1 h5 17. Nd5 Nxd5 1/2-1/2

[Event "SC Klein-Berlin Rheine 1 - SC Rochade E"]
[Site "Regionalliga, Gr. 1 2022/2023"]
[Date "2022.09.24"]
[Round "2.4"]
[White "Langhans, Joerg"]
[Black "Nordholt, Uwe"]
[Result "0-1"]
[WhiteElo "1971"]
[BlackElo "1849"]
[PlyCount "128"]
[EventDate "2022.??.??"]
[SourceTitle "Verband Muensterland"]
[SourceDate "2022.09.15"]
[SourceVersion "1"]
[SourceVersionDate "2022.09.15"]
[SourceQuality "1"]
[WhiteTeam "SC Klein-Berlin Rheine 1"]
[BlackTeam "SC Rochade Emsdetten 1"]

1. e4 e5 2. Nf3 Nc6 3. Bc4 Bc5 4. c3 Qe7 5. d3 d6 6. b4 Bb6 7. a4 a5 8. b5 Nd8
9. Be3 Bxe3 10. fxe3 Nf6 11. O-O Be6 12. Nbd2 O-O 13. Qe1 d5 14. exd5 Bxd5 15.
e4 Bxc4 16. Nxc4 Nd7 17. Kh1 f6 18. Ne3 Ne6 19. Nh4 c6 20. Nhf5 Qc5 21. bxc6
bxc6 22. Nc4 Nb6 23. Nxb6 Qxb6 24. Rb1 Qc7 25. Rb2 Nc5 26. Qb1 Kh8 27. Qc2 Rab8
28. Rfb1 Rxb2 29. Rxb2 Rd8 30. d4 exd4 31. cxd4 Qf4 32. Rb1 Nxe4 33. Ne7 Qe3
34. Nxc6 Re8 35. Ne7 g5 36. Nf5 Qf4 37. Ng3 Nxg3+ 38. hxg3 Qxg3 39. Qc6 Re1+
40. Rxe1 Qxe1+ 41. Kh2 Qh4+ 42. Kg1 Qxd4+ 43. Kh2 Qe5+ 44. Kh1 Kg7 45. Qd7+ Kg6
46. Qd3+ Qf5 47. Qb3 Kh5 48. Qf7+ Kh4 49. Qc7 g4 50. Qc1 h5 51. Kh2 g3+ 52. Kh1
Qe4 53. Qa1 Kg5 54. Qc1+ Kg6 55. Qd1 h4 56. Kg1 Qf5 57. Qe1 Qf2+ 58. Qxf2 gxf2+
59. Kxf2 Kg5 60. Kf3 f5 61. Ke3 Kg4 62. Kf2 f4 63. Kf1 Kg3 64. Kg1 f3 0-1

[Event "SC Klein-Berlin Rheine 1 - SC Rochade E"]
[Site "Regionalliga, Gr. 1 2022/2023"]
[Date "2022.09.24"]
[Round "2.5"]
[White "Wehmeier, Sven"]
[Black "Langhanke, Guenther"]
[Result "1/2-1/2"]
[WhiteElo "1807"]
[BlackElo "1958"]
[PlyCount "56"]
[EventDate "2022.??.??"]
[SourceTitle "Verband Muensterland"]
[SourceDate "2022.09.15"]
[SourceVersion "1"]
[SourceVersionDate "2022.09.15"]
[SourceQuality "1"]
[WhiteTeam "SC Rochade Emsdetten 1"]
[BlackTeam "SC Klein-Berlin Rheine 1"]

1. e4 c5 2. Nf3 Nc6 3. d4 cxd4 4. Nxd4 e5 5. Nxc6 bxc6 6. Bc4 Ba6 7. Qd3 Bxc4
8. Qxc4 Nf6 9. Nc3 Rb8 10. a3 Be7 11. O-O O-O 12. Rd1 h6 13. b4 a5 14. b5 cxb5
15. Nxb5 Qb6 16. a4 Bc5 17. Qe2 Qc6 18. Ba3 Bxa3 19. Rxa3 Nxe4 20. Re3 d5 21.
c4 Nf6 22. cxd5 Nxd5 23. Qf3 Nb4 24. Rxe5 Qc2 25. h3 Qxa4 26. Nd6 Rbd8 27. Kh2
Qd7 28. Qg3 g6 1/2-1/2

[Event "SC Klein-Berlin Rheine 1 - SC Rochade E"]
[Site "Regionalliga, Gr. 1 2022/2023"]
[Date "2022.09.24"]
[Round "2.6"]
[White "Pammer, Andreas"]
[Black "Hemmers, Dieter"]
[Result "0-1"]
[WhiteElo "1932"]
[BlackElo "1765"]
[PlyCount "114"]
[EventDate "2022.??.??"]
[SourceTitle "Verband Muensterland"]
[SourceDate "2022.09.15"]
[SourceVersion "1"]
[SourceVersionDate "2022.09.15"]
[SourceQuality "1"]
[WhiteTeam "SC Klein-Berlin Rheine 1"]
[BlackTeam "SC Rochade Emsdetten 1"]

1. d4 Nf6 2. c4 e6 3. Nf3 d5 4. g3 c5 5. cxd5 exd5 6. Bg2 Nc6 7. Nc3 Be7 8. O-O
O-O 9. dxc5 Bxc5 10. Bg5 Be7 11. Bxf6 Bxf6 12. Qxd5 Qxd5 13. Nxd5 Bxb2 14. Rab1
Ba3 15. Rb3 Bd6 16. Rd1 Bc5 17. Rc1 Bd6 18. e3 Rd8 19. Ng5 Ne7 20. Nf4 Rb8 21.
Ne4 Bxf4 22. gxf4 Be6 23. Ra3 a6 24. Ng5 Bd5 25. Rc7 Bxg2 26. Kxg2 Nd5 27. Rc2
h6 28. Nf3 Rbc8 29. Rxc8 Rxc8 30. Rb3 Rc2 31. a3 b5 32. Nd4 Ra2 33. Kf3 Nb6 34.
Rc3 Nc4 35. Nc2 f5 36. Ke2 Nxa3 37. Rxa3 Rxc2+ 38. Kd3 Rxf2 39. Rxa6 Rxh2 40.
Rb6 Rb2 41. Kc3 Rb1 42. Kc2 Rb4 43. Kc3 Re4 44. Rxb5 Rxe3+ 45. Kd2 Re4 46. Rxf5
g6 47. Rf6 Kg7 48. Kd3 Ra4 49. Rd6 Rxf4 50. Ke3 Rf6 51. Rd7+ Rf7 52. Rd6 h5 53.
Rb6 Kh6 54. Rb5 h4 55. Ra5 g5 56. Rb5 Kh5 57. Ra5 Kg4 0-1

[Event "SC Klein-Berlin Rheine 1 - SC Rochade E"]
[Site "Regionalliga, Gr. 1 2022/2023"]
[Date "2022.09.24"]
[Round "2.7"]
[White "Weist, Thorsten"]
[Black "Tukmans, Maigonis"]
[Result "0-1"]
[WhiteElo "1731"]
[BlackElo "1951"]
[PlyCount "58"]
[EventDate "2022.??.??"]
[SourceTitle "Verband Muensterland"]
[SourceDate "2022.09.15"]
[SourceVersion "1"]
[SourceVersionDate "2022.09.15"]
[SourceQuality "1"]
[WhiteTeam "SC Rochade Emsdetten 1"]
[BlackTeam "SC Klein-Berlin Rheine 1"]

1. d4 d5 2. Nf3 Nf6 3. c4 e6 4. Nc3 b6 5. Bg5 Be7 6. e3 Ba6 7. Qa4+ c6 8. Rc1
dxc4 9. Ne5 b5 10. Qc2 Bb7 11. a4 a6 12. Be2 Nbd7 13. Bf3 Nd5 14. Bxe7 Qxe7 15.
Bxd5 exd5 16. Nxd7 Qxd7 17. O-O O-O 18. b3 b4 19. Na2 a5 20. bxc4 dxc4 21. Qxc4
Ba6 22. Qxc6 Qxc6 23. Rxc6 Bxf1 24. Kxf1 Rfc8 25. Rc5 b3 26. Nc3 Rxc5 27. dxc5
Rc8 28. Ke2 Rxc5 29. Kd3 b2 0-1

[Event "SC Klein-Berlin Rheine 1 - SC Rochade E"]
[Site "Regionalliga, Gr. 1 2022/2023"]
[Date "2022.09.24"]
[Round "2.8"]
[White "Hemmert, Michael"]
[Black "Bahr, Maximilian"]
[Result "0-1"]
[WhiteElo "1765"]
[BlackElo "1711"]
[PlyCount "70"]
[EventDate "2022.??.??"]
[SourceTitle "Verband Muensterland"]
[SourceDate "2022.09.15"]
[SourceVersion "1"]
[SourceVersionDate "2022.09.15"]
[SourceQuality "1"]
[WhiteTeam "SC Klein-Berlin Rheine 1"]
[BlackTeam "SC Rochade Emsdetten 1"]

1. d4 d5 2. Bf4 Nf6 3. Nf3 e6 4. c4 c6 5. Nc3 Nbd7 6. e3 a6 7. Be2 dxc4 8. Bxc4
b5 9. Bd3 Bb7 10. O-O c5 11. Rc1 Rc8 12. Bb1 Be7 13. Qe2 O-O 14. h3 Nb6 15. Be5
cxd4 16. Bxd4 b4 17. Bxf6 Bxf6 18. Ne4 Be7 19. Rcd1 Nd5 20. Rd4 f5 21. Ng3 Qc7
22. Rd2 a5 23. Nd4 Qb6 24. Rfd1 g6 25. Qb5 e5 26. Qxb6 Nxb6 27. Nb5 Nd5 28. e4
Nf4 29. Nd6 Bxd6 30. Rxd6 fxe4 31. Nxe4 Rf7 32. f3 Ne2+ 33. Kh2 Nd4 34. Nf6+
Kg7 35. Nd7 Rd8 0-1

[Event "SC Falke Saerbeck 1 - SK Bocholt 1"]
[Site "Regionalliga, Gr. 1 2022/2023"]
[Date "2022.09.24"]
[Round "2.1"]
[White "Naumann, Felix"]
[Black "Vos, Thomas"]
[Result "0-1"]
[WhiteElo "1893"]
[BlackElo "2022"]
[PlyCount "48"]
[EventDate "2022.??.??"]
[SourceTitle "Verband Muensterland"]
[SourceDate "2022.09.15"]
[SourceVersion "1"]
[SourceVersionDate "2022.09.15"]
[SourceQuality "1"]
[WhiteTeam "SK Bocholt 1"]
[BlackTeam "SC Falke Saerbeck 1"]

1. d4 d5 2. Nf3 Nc6 3. Bf4 Bg4 4. Nbd2 e6 5. e3 Nf6 6. Be2 Bd6 7. Bg3 h5 8. c3
Bxf3 9. Nxf3 Ne4 10. Bxd6 cxd6 11. O-O Qe7 12. Rc1 h4 13. c4 h3 14. g3 dxc4 15.
d5 exd5 16. Qxd5 Nf6 17. Qxc4 d5 18. Qa4 Rc8 19. Nd4 O-O 20. Bf3 Ne5 21. Be2
Nc4 22. Nf3 Nxe3 23. Rxc8 Rxc8 24. Ra1 Nc2 0-1

[Event "SC Falke Saerbeck 1 - SK Bocholt 1"]
[Site "Regionalliga, Gr. 1 2022/2023"]
[Date "2022.09.24"]
[Round "2.2"]
[White "Fischer, Andreas"]
[Black "Kuhlenbaeumer, Willi"]
[Result "1/2-1/2"]
[WhiteElo "1942"]
[BlackElo "1914"]
[PlyCount "38"]
[EventDate "2022.??.??"]
[SourceTitle "Verband Muensterland"]
[SourceDate "2022.09.15"]
[SourceVersion "1"]
[SourceVersionDate "2022.09.15"]
[SourceQuality "1"]
[WhiteTeam "SC Falke Saerbeck 1"]
[BlackTeam "SK Bocholt 1"]

1. e4 e6 2. d4 d5 3. exd5 exd5 4. Bd3 Bd6 5. Ne2 Nc6 6. c3 Bg4 7. Qc2 Nf6 8.
O-O O-O 9. f3 Bh5 10. Nf4 Bg6 11. Nxg6 fxg6 12. Bg5 Kh8 13. Nd2 Qd7 14. Rfe1
Nh5 15. Nf1 Bf4 16. Bh4 g5 17. Bf2 g6 18. Ne3 Nf6 19. Re2 Kg7 1/2-1/2

[Event "SC Falke Saerbeck 1 - SK Bocholt 1"]
[Site "Regionalliga, Gr. 1 2022/2023"]
[Date "2022.09.24"]
[Round "2.3"]
[White "Hunhoff, Andreas"]
[Black "Hegemann, Eike"]
[Result "0-1"]
[WhiteElo "1772"]
[BlackElo "1913"]
[PlyCount "86"]
[EventDate "2022.??.??"]
[SourceTitle "Verband Muensterland"]
[SourceDate "2022.09.15"]
[SourceVersion "1"]
[SourceVersionDate "2022.09.15"]
[SourceQuality "1"]
[WhiteTeam "SK Bocholt 1"]
[BlackTeam "SC Falke Saerbeck 1"]

1. f4 d5 2. Nf3 Nf6 3. e3 g6 4. Be2 Bg7 5. O-O O-O 6. d3 c5 7. Ne5 Nc6 8. Nxc6
bxc6 9. Nd2 Qd6 10. Nf3 Nd7 11. c3 e5 12. fxe5 Nxe5 13. e4 Nxf3+ 14. Bxf3 Be5
15. h3 Ba6 16. Qc2 Rfe8 17. Rd1 Rad8 18. Bg5 f6 19. Bh4 Bh2+ 20. Kh1 Bg3 21.
Bxg3 Qxg3 22. Kg1 Re5 23. Qf2 Qxf2+ 24. Kxf2 d4 25. Rac1 dxc3 26. Rxc3 c4 27.
d4 Ra5 28. a3 Rb8 29. Rd2 Rab5 30. Rcc2 Rb3 31. d5 cxd5 32. exd5 Kf8 33. Be2
Ke7 34. Bf3 Kd7 35. Ke1 Re8+ 36. Kf2 Kd6 37. Rd4 Bb5 38. Rcd2 Re5 39. Re2 a5
40. Rxe5 fxe5 41. Be4 Bd7 42. Rxc4 Rxb2+ 43. Kg1 Rb3 0-1

[Event "SC Falke Saerbeck 1 - SK Bocholt 1"]
[Site "Regionalliga, Gr. 1 2022/2023"]
[Date "2022.09.24"]
[Round "2.4"]
[White "Kipp, Lucas"]
[Black "Buessing, Olaf"]
[Result "1-0"]
[WhiteElo "1913"]
[BlackElo "1752"]
[PlyCount "73"]
[EventDate "2022.??.??"]
[SourceTitle "Verband Muensterland"]
[SourceDate "2022.09.15"]
[SourceVersion "1"]
[SourceVersionDate "2022.09.15"]
[SourceQuality "1"]
[WhiteTeam "SC Falke Saerbeck 1"]
[BlackTeam "SK Bocholt 1"]

1. e4 c5 2. c3 d6 3. Nf3 Nc6 4. Bc4 e6 5. O-O Nf6 6. Re1 Be7 7. d4 O-O 8. Nbd2
a6 9. dxc5 dxc5 10. a4 Qc7 11. Qc2 b6 12. Nf1 h6 13. e5 Nd5 14. Qe4 Rd8 15. Bd3
f5 16. exf6 Nxf6 17. Qg6 Bf8 18. Bc4 Qf7 19. Qxf7+ Kxf7 20. Bf4 Bd6 21. Bxd6
Rxd6 22. Ne3 Na5 23. Ba2 Bb7 24. Nf5 Rad8 25. Ne5+ Kf8 26. Bxe6 Rd2 27. Ng6+
Ke8 28. b4 Nc6 29. Bc8+ Kf7 30. Nh8+ Kg8 31. Bxb7 Rf8 32. Ng6 Rxf2 33. Kxf2
Ng4+ 34. Kg1 Rxf5 35. Bxc6 Rf6 36. Re8+ Kf7 37. Nh8# 1-0

[Event "SC Falke Saerbeck 1 - SK Bocholt 1"]
[Site "Regionalliga, Gr. 1 2022/2023"]
[Date "2022.09.24"]
[Round "2.5"]
[White "Steiner, Karl"]
[Black "Bartsch, Jan"]
[Result "1/2-1/2"]
[WhiteElo "1860"]
[BlackElo "1789"]
[PlyCount "36"]
[EventDate "2022.??.??"]
[SourceTitle "Verband Muensterland"]
[SourceDate "2022.09.15"]
[SourceVersion "1"]
[SourceVersionDate "2022.09.15"]
[SourceQuality "1"]
[WhiteTeam "SK Bocholt 1"]
[BlackTeam "SC Falke Saerbeck 1"]

1. Nf3 d5 2. d4 Nf6 3. c4 e6 4. Nc3 Be7 5. Bg5 O-O 6. e3 Nbd7 7. Qc2 h6 8. Bh4
c6 9. Rc1 Re8 10. a3 Nh5 11. Bxe7 Qxe7 12. Be2 Nhf6 13. O-O dxc4 14. Bxc4 e5
15. dxe5 Nxe5 16. Be2 Bg4 17. Nd4 Bxe2 18. Nf5 Qd7 1/2-1/2

[Event "SC Falke Saerbeck 1 - SK Bocholt 1"]
[Site "Regionalliga, Gr. 1 2022/2023"]
[Date "2022.09.24"]
[Round "2.6"]
[White "Waltermann, Jens"]
[Black "Steverding, Tim"]
[Result "1/2-1/2"]
[WhiteElo "1823"]
[BlackElo "1491"]
[PlyCount "48"]
[EventDate "2022.??.??"]
[SourceTitle "Verband Muensterland"]
[SourceDate "2022.09.15"]
[SourceVersion "1"]
[SourceVersionDate "2022.09.15"]
[SourceQuality "1"]
[WhiteTeam "SC Falke Saerbeck 1"]
[BlackTeam "SK Bocholt 1"]

1. Nf3 Nf6 2. g3 d5 3. Bg2 Bf5 4. d3 e6 5. O-O h6 6. c4 c6 7. Qb3 Qb6 8. Qxb6
axb6 9. cxd5 exd5 10. Nc3 Be7 11. Re1 O-O 12. e4 dxe4 13. dxe4 Bh7 14. e5 Nfd7
15. Be3 Bc5 16. a3 Na6 17. Rad1 Rad8 18. Bh3 Bxe3 19. Rxe3 Ndc5 20. b4 Rxd1+
21. Nxd1 Ne6 22. Nc3 Nac7 23. Bxe6 Nxe6 24. Ne4 Bxe4 1/2-1/2

[Event "SC Falke Saerbeck 1 - SK Bocholt 1"]
[Site "Regionalliga, Gr. 1 2022/2023"]
[Date "2022.09.24"]
[Round "2.7"]
[White "Schlebusch, Daniel"]
[Black "Schroeder, Alexander"]
[Result "0-1"]
[WhiteElo "1883"]
[BlackElo "1577"]
[PlyCount "73"]
[EventDate "2022.??.??"]
[SourceTitle "Verband Muensterland"]
[SourceDate "2022.09.15"]
[SourceVersion "1"]
[SourceVersionDate "2022.09.15"]
[SourceQuality "1"]
[WhiteTeam "SK Bocholt 1"]
[BlackTeam "SC Falke Saerbeck 1"]

1. e4 c6 2. Nc3 d5 3. Nf3 dxe4 4. Nxe4 Nf6 5. Qe2 Nd5 6. d4 Bf5 7. c3 e6 8. Ng3
Bg6 9. h4 h6 10. Ne5 Bh7 11. Qf3 Qf6 12. Qxf6 Nxf6 13. Be2 Nbd7 14. Nd3 Be7 15.
Be3 O-O 16. O-O Nd5 17. h5 Nxe3 18. fxe3 Bd6 19. Nf4 e5 20. dxe5 Bxe5 21. Bc4
Kh8 22. Nge2 Nf6 23. Rad1 Bc7 24. Nd4 Rae8 25. Bd3 Rxe3 26. Bxh7 Kxh7 27. Nc2
Re4 28. g3 Bxf4 29. gxf4 Rfe8 30. Rf2 Nxh5 31. f5 Nf6 32. Nd4 Ng4 33. Rf3 Re1+
34. Rf1 Rxf1+ 35. Kxf1 h5 36. Nf3 Ne3+ 37. Ke2 0-1

[Event "Schachklub Münster 32 e. V. 4 - SK Met"]
[Site "Regionalliga, Gr. 1 2022/2023"]
[Date "2022.09.24"]
[Round "2.1"]
[White "Bernink, Henk"]
[Black "Jansen, Dirk"]
[Result "1-0"]
[WhiteElo "2012"]
[BlackElo "1984"]
[PlyCount "93"]
[EventDate "2022.??.??"]
[SourceTitle "Verband Muensterland"]
[SourceDate "2022.09.15"]
[SourceVersion "1"]
[SourceVersionDate "2022.09.15"]
[SourceQuality "1"]
[WhiteTeam "SK Metelen 1"]
[BlackTeam "Schachklub Münster 32 e. V. 4"]

1. d4 e6 2. c4 d5 3. Nc3 c5 4. cxd5 exd5 5. Nf3 Nc6 6. g3 Nf6 7. Bg2 Be7 8. O-O
O-O 9. Bg5 c4 10. Ne5 Be6 11. Qd2 h6 12. Be3 Bb4 13. f3 Qa5 14. Kh1 Rfd8 15.
Rad1 Rac8 16. Qc2 b5 17. f4 Bxc3 18. bxc3 b4 19. f5 Bd7 20. Bd2 Nxe5 21. dxe5
Ba4 22. Qc1 Bxd1 23. exf6 Qxa2 24. Rxd1 bxc3 25. Bxc3 Qxe2 26. fxg7 d4 27. h3
Qe3 28. Qxe3 dxe3 29. Rc1 Rd3 30. Bf3 Rcd8 31. Be2 h5 32. f6 Rxc3 33. Rxc3 Rd6
34. Rxe3 Rxf6 35. Bxc4 Kxg7 36. Re7 a5 37. Kg2 Kg6 38. Ra7 Kg7 39. Rxa5 h4 40.
g4 Rc6 41. Bb3 Rc3 42. Rb5 f6 43. Rb7+ Kh6 44. Be6 Rc2+ 45. Kf3 Rc3+ 46. Kf4
Rxh3 47. Bf5 1-0

[Event "Schachklub Münster 32 e. V. 4 - SK Met"]
[Site "Regionalliga, Gr. 1 2022/2023"]
[Date "2022.09.24"]
[Round "2.2"]
[White "Blockhaus, Tobias"]
[Black "Poelstra, Ben"]
[Result "1/2-1/2"]
[WhiteElo "1840"]
[BlackElo "1965"]
[PlyCount "86"]
[EventDate "2022.??.??"]
[SourceTitle "Verband Muensterland"]
[SourceDate "2022.09.15"]
[SourceVersion "1"]
[SourceVersionDate "2022.09.15"]
[SourceQuality "1"]
[WhiteTeam "Schachklub Münster 32 e. V. 4"]
[BlackTeam "SK Metelen 1"]

1. e4 e5 2. Bc4 Nf6 3. d3 Nc6 4. Nc3 d6 5. a4 Bg4 6. Nge2 Be7 7. Be3 Qd7 8. f3
Be6 9. Nd5 Bxd5 10. Bxd5 Nxd5 11. exd5 Nb4 12. Nc3 a5 13. O-O O-O 14. Rc1 f5
15. d4 Rad8 16. Qe2 Bf6 17. Qc4 f4 18. Bf2 exd4 19. Bxd4 Bxd4+ 20. Qxd4 Qf5 21.
Rf2 b6 22. Rd2 Rde8 23. Ne4 Re5 24. c4 Rfe8 25. Re1 g5 26. h3 Na6 27. Rc1 h5
28. Kf2 g4 29. hxg4 hxg4 30. Rh1 Nc5 31. Re2 g3+ 32. Kf1 Kf7 33. Rh4 Nxe4 34.
Rxe4 Rxe4 35. fxe4 Rxe4 36. Qh8 Re1+ 37. Kxe1 Qe4+ 38. Kd2 Qxg2+ 39. Kc3 Qf3+
40. Kc2 Qe2+ 41. Kb3 Qd1+ 42. Kc3 Qc1+ 43. Kd3 Qe3+ 1/2-1/2

[Event "Schachklub Münster 32 e. V. 4 - SK Met"]
[Site "Regionalliga, Gr. 1 2022/2023"]
[Date "2022.09.24"]
[Round "2.3"]
[White "Grotenhuis, Gerard"]
[Black "Vogenauer, Nikolas"]
[Result "0-1"]
[WhiteElo "1930"]
[BlackElo "1914"]
[PlyCount "134"]
[EventDate "2022.??.??"]
[SourceTitle "Verband Muensterland"]
[SourceDate "2022.09.15"]
[SourceVersion "1"]
[SourceVersionDate "2022.09.15"]
[SourceQuality "1"]
[WhiteTeam "SK Metelen 1"]
[BlackTeam "Schachklub Münster 32 e. V. 4"]

1. b3 e5 2. Bb2 Nc6 3. e3 Nf6 4. Bb5 Bd6 5. Ne2 O-O 6. O-O Re8 7. f4 a6 8. Bxc6
dxc6 9. h3 exf4 10. Nxf4 Be5 11. Nc3 Ne4 12. d4 Nxc3 13. Bxc3 Bd6 14. Qf3 Qe7
15. e4 f6 16. Rae1 Be6 17. Nd3 Rf8 18. d5 Bd7 19. Bd4 Be5 20. Bc5 Bd6 21. Bf2
Rae8 22. c4 Be5 23. c5 Rf7 24. Nb4 cxd5 25. exd5 Bb5 26. Nd3 Qd7 27. a4 Bxd3
28. Qxd3 Rfe7 29. Rd1 Kh8 30. Qc4 Qc8 31. Rd3 h6 32. b4 Qf5 33. Rf3 Qg6 34. b5
axb5 35. axb5 Rd8 36. Rd1 Qh5 37. Rfd3 Qf5 38. d6 cxd6 39. cxd6 Red7 40. Bb6
Re8 41. Rf3 Qe6 42. Qc1 Rxd6 43. Be3 Red8 44. Rxd6 Rxd6 45. b6 Qd7 46. Rf1 Rc6
47. Qa3 Bd4 48. Rb1 Qf5 49. Rb4 Bc5 50. Bxc5 Qxc5+ 51. Kh2 Rxb6 52. Qa8+ Kh7
53. Rxb6 Qxb6 54. Qc8 Qc6 55. Qf5+ Kh8 56. Qd3 Qc7+ 57. g3 b6 58. h4 Qc5 59.
Qd8+ Kh7 60. Qd3+ f5 61. h5 Qe5 62. Kh3 Qe4 63. Qd1 Qg4+ 64. Qxg4 fxg4+ 65.
Kxg4 Kg8 66. Kf5 Kf7 67. Ke5 b5 0-1

[Event "Schachklub Münster 32 e. V. 4 - SK Met"]
[Site "Regionalliga, Gr. 1 2022/2023"]
[Date "2022.09.24"]
[Round "2.4"]
[White "Schoepper, Oliver"]
[Black "Zachej, Arne"]
[Result "0-1"]
[WhiteElo "1778"]
[BlackElo "1849"]
[PlyCount "62"]
[EventDate "2022.??.??"]
[SourceTitle "Verband Muensterland"]
[SourceDate "2022.09.15"]
[SourceVersion "1"]
[SourceVersionDate "2022.09.15"]
[SourceQuality "1"]
[WhiteTeam "Schachklub Münster 32 e. V. 4"]
[BlackTeam "SK Metelen 1"]

1. d4 Nf6 2. c4 e6 3. g3 d5 4. Bg2 c6 5. Nf3 Nbd7 6. O-O Be7 7. Qc2 O-O 8. b3
Ne4 9. Bb2 f5 10. Ne5 Nxe5 11. dxe5 Bd7 12. e3 Qb6 13. Bd4 c5 14. Bb2 dxc4 15.
bxc4 Bc6 16. f3 Ng5 17. Nd2 Rad8 18. Bc3 Rd7 19. h4 Nf7 20. e4 Nh6 21. Bh3 g5
22. hxg5 Bxg5 23. f4 Bd8 24. exf5 Nxf5 25. Kf2 Rg7 26. Rg1 Kh8 27. Bxf5 Rxf5
28. Ne4 Be7 29. Qe2 Qa6 30. Bd2 Qa3 31. Be3 Bxe4 0-1

[Event "Schachklub Münster 32 e. V. 4 - SK Met"]
[Site "Regionalliga, Gr. 1 2022/2023"]
[Date "2022.09.24"]
[Round "2.5"]
[White "Wigger, Frank"]
[Black "Riekert, Adrian"]
[Result "0-1"]
[WhiteElo "1848"]
[BlackElo "1786"]
[PlyCount "50"]
[EventDate "2022.??.??"]
[SourceTitle "Verband Muensterland"]
[SourceDate "2022.09.15"]
[SourceVersion "1"]
[SourceVersionDate "2022.09.15"]
[SourceQuality "1"]
[WhiteTeam "SK Metelen 1"]
[BlackTeam "Schachklub Münster 32 e. V. 4"]

1. e4 c6 2. d4 d5 3. e5 Bf5 4. Nf3 e6 5. Be2 Nd7 6. O-O Ne7 7. Nbd2 c5 8. c4
cxd4 9. cxd5 Nxd5 10. Nxd4 Bg6 11. Nc4 Be7 12. f4 O-O 13. Kh1 a6 14. Bf3 Nc5
15. Bxd5 exd5 16. Ne3 Be4 17. Qg4 Nd3 18. Nef5 g6 19. Be3 Bc5 20. e6 Qf6 21.
exf7+ Kh8 22. Nh6 Bxd4 23. Bxd4 Qxd4 24. Qg3 Rac8 25. f5 Rc2 0-1

[Event "Schachklub Münster 32 e. V. 4 - SK Met"]
[Site "Regionalliga, Gr. 1 2022/2023"]
[Date "2022.09.24"]
[Round "2.6"]
[White "Raschke, Wolf Dieter"]
[Black "Bueckers, Bernhard"]
[Result "1/2-1/2"]
[WhiteElo "1669"]
[BlackElo "1709"]
[PlyCount "40"]
[EventDate "2022.??.??"]
[SourceTitle "Verband Muensterland"]
[SourceDate "2022.09.15"]
[SourceVersion "1"]
[SourceVersionDate "2022.09.15"]
[SourceQuality "1"]
[WhiteTeam "Schachklub Münster 32 e. V. 4"]
[BlackTeam "SK Metelen 1"]

1. d4 d5 2. c4 e6 3. Nc3 Nf6 4. Nf3 c6 5. e3 Be7 6. Be2 Nbd7 7. O-O O-O 8. Qc2
dxc4 9. Bxc4 b6 10. e4 Bb7 11. e5 Nd5 12. Nxd5 cxd5 13. Bd3 h6 14. Qe2 Rc8 15.
Bd2 Nb8 16. Rfc1 Qd7 17. Bb5 Bc6 18. Bd3 Bb7 19. Bb5 Bc6 20. Bd3 Bb7 1/2-1/2